Developing Multicultural Leadership Using Knowledge Dynamics and Cultural Intelligence

Gespeichert in:
Bibliographische Detailangaben
1. Verfasser: Paiuc, Dan
Format: Buch
Sprache:Englisch
Veröffentlicht: Leeds Emerald Publishing 2024
Ausgabe:1st Edition
Schlagworte:
Tags: Tag hinzufügen
Keine Tags, Fügen Sie das erste Tag hinzu!

MARC

LEADER 00000nam a2200000 4500
001 0311668
005 20250819104639.7
020 |a 978-1-83549-432-5 
041 0 |a eng 
044 |a GB 
245 1 0 |a Developing Multicultural Leadership Using Knowledge Dynamics and Cultural Intelligence  |c by Dan Paiuc 
250 |a 1st Edition 
264 1 |a Leeds  |b Emerald Publishing  |c 2024 
300 |a 262 s. 
500 |a Emerald e-books. 
610 2 0 |a vedenie ľudí 
610 2 0 |a vedenie podniku 
610 2 0 |a lídri 
610 2 0 |a komunikácia multikultúrna 
610 2 0 |a komunikácia interkultúrna 
100 1 |a Paiuc, Dan